Statystyki dla Skąd pochodzi ten DJ?

Kliknij tutaj aby rozwiązać quiz!

Ogólne statystyki

  • Ten quiz został rozwiązany 21 razy
  • Średni wynik to 14 z 20

Statystyki odpowiedzi

WykonawcaKraj% Poprawnych
SikdopePolska
89%
Armin Van BuurenHolandia
83%
Ummet OzcanHolandia
83%
Martin GarrixHolandia
83%
HeadhunterzHolandia
83%
QuintinoHolandia
83%
Deadmau5Kanada
83%
Steve AokiStany Zjednoczone
78%
AhzeeStany Zjednoczone
78%
IlleniumStany Zjednoczone
78%
KSHMRStany Zjednoczone
78%
MarshmelloStany Zjednoczone
78%
BorgoreStany Zjednoczone
78%
HardwellStany Zjednoczone
78%
Timmy TrumpetAustralia
72%
KAAZESzwecja
61%
TroyBoiWielka Brytania
56%
KURAPortugalia
44%
DynoroLitwa
39%
NoisestormIrlandia
22%

Rozkład punktacji

Percentyl według liczby udzielonych odpowiedzi

Procent ludzi z każdym wynikiem

Twoja historia wyników

Nie rozwiązałeś tego quizu